REGIONI DELLA FRANCIA - Statistics

Statistiche generali
  • Questo quiz è stato fatto 159 volte
  • Il punteggio medio è 9 su 18
Statistiche sulle risposte
Risposta % Corretto
BRETAGNA
86%
NORMANDIA
86%
PROVENZA | COSTA AZZURRA
85%
ILE DE FRANCE
74%
PAESI DELLA LOIRA
63%
VALLE DELLA LOIRA
63%
ALVERNIA | ALPI | RODANO
61%
OCCITANIA
57%
CORSICA
55%
BORGOGNA
51%
GRAND EST
41%
NUOVA AQUITANIA
36%
GUYANA FRANCESE
20%
GUADALUPA
18%
MARTINICA
18%
ALTA FRANCIA
15%
RIUNIONE
15%
MAIOTTA
13%
Nessun quiz corrispondente trovato
Distribuzione punteggi
Percentuale di utenti per punteggio
Percentile per numero di risposta
I tuoi punteggi nel tempo
Non hai fatto questo quiz